Propuesta de reglamento Técnico Organizativo de Higiene y Seguridad, en la Estación de servicio Petronic El Carmen, Estelí
Presenta la propuesta de un reglamento Técnico Organizativo de Higiene y Seguridad, en la Estación de servicio Petronic en el cual se examina el proceso operativo en área administrativa, área de contabilidad y área de bombas de la empresa así como la identificación de los riesgos laborales a...
| Main Authors: | , , |
|---|---|
| Other Authors: | |
| Format: | Tesis Section = Libro |
| Language: | Undetermined Spanish |
| Published: |
Managua
UNI/RUACS
2017
|
| Subjects: |
| LEADER | 01314nam a2200277Ia 4500 | ||
|---|---|---|---|
| 008 | 240830s9999 xx 000 0 und d | ||
| 040 | |a BIBLIOTECA-RUPAP Mon 363.11 T712 | ||
| 041 | |a spa | ||
| 082 | |a Mon 363.11 T712 | ||
| 100 | 1 | |a Toruño Centeno, Claudia Elizabeth | |
| 100 | 1 | |b Centeno Zamora, Keyla Patricia | |
| 100 | 1 | |c González Ríos, Alvarado Antonio | |
| 245 | 1 | 0 | |a Propuesta de reglamento Técnico Organizativo de Higiene y Seguridad, en la Estación de servicio Petronic El Carmen, Estelí |
| 260 | |a Managua |b UNI/RUACS |c 2017 | ||
| 300 | |a 168 p. :il. | ||
| 500 | |a Contiene anexos y CD | ||
| 502 | |a Tesis (Ingeniero Industrial)- UNI, 2017. | ||
| 520 | 3 | |a Presenta la propuesta de un reglamento Técnico Organizativo de Higiene y Seguridad, en la Estación de servicio Petronic en el cual se examina el proceso operativo en área administrativa, área de contabilidad y área de bombas de la empresa así como la identificación de los riesgos laborales a los que se ven expuestos los trabajadores. | |
| 650 | 7 | |a REGLAMENTO TECNICO OGRGANIZATIVO - HIGIENE Y SEGURIDAD | |
| 650 | 7 | |b SEGURIDAD Y PREVENCION DE RIESGOS | |
| 650 | 7 | |c RIESGOS LABORALES | |
| 650 | 7 | |d SALUD OCUPACIONAL | |
| 700 | 1 | |a Tutor: |b Videa Bustillo, Mariliana | |
| 942 | |c BK |2 ddc | ||
| 991 | |a TESIS | ||
| 999 | |c 15507 | ||